00208nam a22000737a 4500100002300000245007700023260002700100300000700127 aMeryam Ali Rajpar  aExperimental Analysis Of Tensila And Torsional Of Welded Mild Steel Bars aNawabshahbQuestc2017 a55